| 000 | 00751nam a22001815i 4500 | ||
|---|---|---|---|
| 001 | 159643 | ||
| 003 | ES-MaACL | ||
| 005 | 20250826015651.0 | ||
| 008 | 040916m18991904fr |||| | fre d | ||
| 130 | 4 |
_aLas mil y una noches. _lFrancés. _9148181 |
|
| 245 | 1 | 3 |
_aLe livre des mille nuits et une nuit / _ctraduction littérale et complète du texte arabe par J.C. Mardrus. |
| 260 |
_aParis : _bEditions de la Revue Blanche, _c1899-1904 ( _eChateauroux : _fImp. Mellottée) |
||
| 300 |
_a16 v. ; _c23 cm. |
||
| 596 | _aA partir T. XII editados por Eugène Fasquelle. | ||
| 700 | 1 |
_aMardrus, Joseph Charles, _d1868-1949 _9129474 |
|
| 852 |
_aES-MaACL _jC-18592-607 _z-- Enc. pie con super-libris en hierros dorados2 |
||
| 999 |
_c159643 _d159643 |
||